书目信息 |
| 题名: |
练好套路成高手
|
|
| 作者: | 张剑悦 编著 | |
| 分册: | ||
| 出版信息: | 北京 电子工业出版社 2017.7 |
|
| 页数: | 251页 | |
| 开本: | 24cm | |
| 丛书名: | ||
| 单 册: | ||
| 中图分类: | F716 | |
| 科图分类: | ||
| 主题词: | 表处理软件--应用--商业管理 | |
| 电子资源: | ||
| ISBN: | 978-7-121-31557-2 | |
| 000 | 00855nam0 2200241 450 | |
| 001 | 0400003171 | |
| 005 | 20171021202940.0 | |
| 010 | @a978-7-121-31557-2@dCNY59.80 | |
| 100 | @a20171018d2017 em y0chiy0110 ea | |
| 101 | 0 | @achi |
| 102 | @aCN@b110000 | |
| 105 | @aa z 000yy | |
| 106 | @ar | |
| 200 | 1 | @a练好套路成高手@9lian hao tao lu cheng gao shou@eExcel商务应用实战精粹@f张剑悦编著 |
| 210 | @a北京@c电子工业出版社@d2017.7 | |
| 215 | @a251页@c图@d24cm | |
| 330 | @a本书分为Excel数据管理、Excel数据运算、Excel数据分析三部分,主要内容包括基础数据表管理问题;格式转换问题;数据有效性验证问题;日期的相关计算;身份证信息的相关计算;文本相关的计算等。 | |
| 606 | 0 | @a表处理软件@x应用@x商业管理 |
| 610 | 0 | @aExcel |
| 690 | @aF716@v5 | |
| 701 | 0 | @a张剑悦@9zhang jian yue@4编著 |
| 801 | 0 | @aCN@b91MARC@c20171021 |
| 905 | @b1035681-5@dF716@f5@e1006 | |
| 练好套路成高手:Excel商务应用实战精粹/张剑悦编著.-北京:电子工业出版社,2017.7 |
| 251页:图;24cm |
| ISBN 978-7-121-31557-2:CNY59.80 |
| 本书分为Excel数据管理、Excel数据运算、Excel数据分析三部分,主要内容包括基础数据表管理问题;格式转换问题;数据有效性验证问题;日期的相关计算;身份证信息的相关计算;文本相关的计算等。 |
| ● |
| 相关链接 |
|
|
|
|
正题名:练好套路成高手
索取号:F716/1006
 
预约/预借
| 序号 | 登录号 | 条形码 | 馆藏地/架位号 | 状态 | 备注 |
| 1 | 1035681 | 210356817 | 第一样本阅览室/ [索取号:F716/1006] | 在馆 | |
| 2 | 1035682 | 210356826 | 密集书库—计算机科学学院/ [索取号:F716/1006] | 在馆 | |
| 3 | 1035683 | 210356835 | 第一借阅区/ [索取号:F716/1006] | 在馆 | |
| 4 | 1035684 | 210356844 | 第一借阅区/ [索取号:F716/1006] | 在馆 | |
| 5 | 1035685 | 210356853 | 第一借阅区/ [索取号:F716/1006] | 在馆 |